V putách bez úniku

Salvato in:
Dettagli Bibliografici
Autore principale: Margolin, Phillip
Altri autori: Šajgalíková, Helena
Natura: Libro
Lingua:slovacco
Pubblicazione: Bratislava AKTUELL 2008
Serie:brilant
Soggetti:
Tags: Aggiungi Tag
Nessun Tag, puoi essere il primo ad aggiungerne!!

MARC

LEADER 00000nam a2200000 4500
001 0119278
005 20240502072329.5
020 |a 978-80-89153-59-6 
041 0 |a slo 
044 |a SK 
245 1 0 |a V putách bez úniku  |c Phillip Margolin ; preklad: Helena Šajgalíková 
264 1 |a Bratislava  |b AKTUELL  |c 2008 
300 |a 302 s. [13,50 AH] 
490 1 |a brilant 
830 0 |a brilant 
610 2 0 |a literatúra 
610 2 0 |a kriminalita 
610 2 0 |a právo 
100 1 |a Margolin, Phillip 
700 1 |a Šajgalíková, Helena